Central Library OPAC University of Rajshahi

Eyes of boyhood / (Record no. 20206)

MARC details
000 -LEADER
fixed length control field 00716cam a22002531 4500
001 - CONTROL NUMBER
control field 20206
003 - CONTROL NUMBER IDENTIFIER
rucl marc code BD-RjUL
005 - DATE AND TIME OF LATEST TRANSACTION
control field 20211209000532.0
008 - FIXED-LENGTH DATA ELEMENTS--GENERAL INFORMATION
fixed length control field 140227s1953 pau 000 0 eng
035 ## - SYSTEM CONTROL NUMBER
System control number (BD-RjUL)20268
System control number (OCoLC)1392928
040 ## - CATALOGING SOURCE
Original cataloging agency DLC
Transcribing agency FO
Modifying agency OCoLC
-- DLC
-- BD-RjUL
Language of cataloging eng
041 ## - LANGUAGE CODE
Language code of text/sound track or separate title eng
082 00 - DEWEY DECIMAL CLASSIFICATION NUMBER
Classification number 810.82
Author mark and year EYE 1953
245 10 - TITLE STATEMENT
Title Eyes of boyhood /
Statement of responsibility, etc. Edited by Clyde Brion Davis.
260 ## - PUBLICATION, DISTRIBUTION, ETC. (IMPRINT)
Place of publication, distribution, etc. Philadelphia :
Name of publisher, distributor, etc. Lippincott,
Date of publication, distribution, etc. 1953.
300 ## - PHYSICAL DESCRIPTION
Pagination xxiii, 323 p. ;
Size 22 cm.
650 #0 - SUBJECT ADDED ENTRY--TOPICAL TERM
Topical term or geographic name as entry element American fiction.
9 (RLIN) 62282
Topical term or geographic name as entry element Boys
General subdivision Fiction.
9 (RLIN) 62283
700 1# - ADDED ENTRY--PERSONAL NAME
Personal name Davis, Clyde Brion,
Dates associated with a name 1894-1962,
Relator term ed.
942 ## - ADDED ENTRY ELEMENTS (KOHA)
Source of classification or shelving scheme Dewey Decimal Classification
Koha item type Books
Holdings
Lost status Source of classification or shelving scheme Damaged status Not for loan Collection code Permanent Location Current Location Shelving location Date acquired Source of acquisition Total Checkouts Full call number Date last seen Copy number Koha item type
  Dewey Decimal Classification   Not For Loan Non-fiction Central Library, University of Rajshahi Central Library, University of Rajshahi Reading Room 13/02/1958 U.S.I.S   810.82 EYE 1953 27/02/2014 C-1 Books